00695nam a2200241 a 4500001001300000003000900013005001700022008004100039020001000080082001700090100002100107245004400128260003200172300000900204500003500213505001000248650002700258700002100285902000800306942000700314952011700321999001500438nice12345678IN_TiNIC20260116011538.0050524s1303 lona grp 000 0 per  ac10000a297.297bABD aAbdullah, Shaikh aTuhfatul-Araib Fi Radd Ala Ahle Saleeb. aLondon bNo Publisherc1303 a222p aincludes index and biblioraphy2 aIndex aIslam-Apologetic Works1 aAbdullah, Shaikh bSRS cBK 001040708StackRoom-aHMIbHMId2007-07-26g100.00l0o297.297 ABDp04510r2007-07-26v100.00w2005-05-24yBK c2503d2503